000 00801nam a22002537a 4500
003 UA-OsUOA
001 54318
007 ta
008 20080604b un ||||| |||| 00| 0 ukr d
100 _aВашека Т. В.
700 _aГічан І. С.
090 _a159.9:316.454.52
_bВ23
942 _cBK
040 _aUA-OsUOA
_bukr
_cUA-OsUOA
_dUA-OsUOA
245 _aПсихологія спілкування
_bнавчально-методичний комплекс
300 _a184 с.
955 _a2
041 _aukr
080 _a159.9:316.454.52
020 _a966-598-344-Х
260 _aК.
_bКнижкове видавництво Національного авіаційного університету
_c2006
650 7 _a159.9 Психологія
_2UDC
999 _c340409
_d340409